000 00646caa a22001812a 4500
001 005033
003 AR-FADEU
008 311216n########xxu####################dd
092 _a401.931
_bC536
100 _aBeal, Carole R.
245 _aYong speakers' evaluations of their listeners' comprehension in a referential communication task
300 _aPP. 230-241
500 _aEn: Child language /ed. Margery B. Franklin. New York : Oxford University, 1988
700 _aJohn H., Flavell
546 _aInglés
942 _cBDGR
773 0 _010836
_99777
_a
_b
_dNew York
_o02917
_tCHILD Language : a reader
_w( AR-FADEU) 005014
_x
_z0-19-504333-2
999 _c10855
_d10855